<?xml version="1.0" encoding="utf-8"?>
<?xml-stylesheet type='text/xsl' href='./oai2.xsl'?>
<OAI-PMH xmlns="http://www.openarchives.org/OAI/2.0/" xmlns:xsi="http://www.w3.org/2001/XMLSchema-instance" xsi:schemaLocation="http://www.openarchives.org/OAI/2.0/ http://www.openarchives.org/OAI/2.0/OAI-PMH.xsd">
  <responseDate>2026-06-06T02:37:16Z</responseDate>
  <request verb="GetRecord" metadataPrefix="marcxml" identifier="record_kuniweb_21812">https://kulturerbe.niedersachsen.de/oai</request>
  <GetRecord>
    <record>
      <header>
        <identifier>record_kuniweb_21812</identifier>
        <datestamp>2015-06-19T12:07:43Z</datestamp>
        <setSpec>slg0103</setSpec>
      </header>
      <metadata>
        <marc:record xmlns:marc="http://www.loc.gov/MARC21/slim" xsi:schemaLocation="http://www.loc.gov/MARC21/slim http://www.loc.gov/standards/marcxml/schema/MARC21slim.xsd">
          <marc:leader>12345nem  22     uu 4500</marc:leader>
          <marc:controlfield tag="001">21812</marc:controlfield>
          <marc:controlfield tag="003">http://kuniweb.gbv.de</marc:controlfield>
          <marc:controlfield tag="005">2015-04-12T10:33:25</marc:controlfield>
          <marc:controlfield tag="008">|           ||||||||||||||||||||||</marc:controlfield>
          <marc:datafield tag="245" ind1="1" ind2="0">
            <marc:subfield code="a">Ducatus Brunsvicensis maximaeque partis Luneburgensis et Episcopatus Hildesiensis nova &amp; exacta tabula</marc:subfield>
          </marc:datafield>
          <marc:datafield tag="700" ind1="1" ind2=" ">
            <marc:subfield code="a">Dauthendey</marc:subfield>
            <marc:subfield code="e">Vorbild / Ideengeber</marc:subfield>
          </marc:datafield>
          <marc:datafield tag="700" ind1="1" ind2=" ">
            <marc:subfield code="a">Homann</marc:subfield>
            <marc:subfield code="e">Kupferstecher</marc:subfield>
          </marc:datafield>
          <marc:datafield tag="655" ind1=" " ind2="7">
            <marc:subfield code="a">Karten</marc:subfield>
          </marc:datafield>
          <marc:datafield tag="046" ind1=" " ind2=" ">
            <marc:subfield code="k">1700</marc:subfield>
            <marc:subfield code="k">1700 entsprechend den zu Karte Braunschweig 13 genannten Nürnberger Ratsdokumenten</marc:subfield>
          </marc:datafield>
          <marc:datafield tag="260" ind1=" " ind2=" ">
            <marc:subfield code="g">1700</marc:subfield>
            <marc:subfield code="g">1700 entsprechend den zu Karte Braunschweig 13 genannten Nürnberger Ratsdokumenten</marc:subfield>
          </marc:datafield>
          <marc:datafield tag="300" ind1=" " ind2=" ">
            <marc:subfield code="a">Höhe: 43 cm
Breite: 53 cm</marc:subfield>
          </marc:datafield>
          <marc:datafield tag="520" ind1=" " ind2=" ">
            <marc:subfield code="a">Maßstäbe (in cm): ohne
Ausrichtung: Norden
Rückseite: leer

Anmerkungen: 
Siehe Angaben zu Karte Braunschweig 13.

Literatur in Zusammenhang:
M. Diefenbacher und Heinz, M., „"Auserlesene und allerneueste Landkarten" : der Verlag Homann in Nürnberg 1702 - 1848 ; eine Ausstellung des Stadtarchivs Nürnberg und der Museen der Stadt Nürnberg mit Unterstützung der Staatsbibliothek zu Berlin - Preußischer Kulturbesitz im Stadtmuseum Fembohaus vom 19. September bis 24. November 2002. Ausstellungskatalog des Stadtarchivs Nürnberg ; 14“. Tümmels, Nürnberg, 2002. (Friedrich von Hagen: Nürnberger Verleger kartographischer Produkte vom späten 17. bis zur Mitte des 19. Jahrhunderts: S. 48 bis 61, S. 50)

Veröffentlicht in:
D. Funck, „Ducatvs Brunswicensis Maximaeque Partis Luneburgensis, et Episcopatus Hildesiensis nova &amp;amp; exacta Tabvla“. Funck, Nürnberg, 1700. (Einzelblatt)

Literatur in Zusammenhang:
P. H. Meurer und Stopp, K., „Topographica des Nürnberger Verlages David Funck“. Canaletto, Alphen aan den Rijn, 2006. (S. 74 ff. Nr. I.18B)</marc:subfield>
          </marc:datafield>
          <marc:datafield tag="650" ind1="1" ind2=" ">
            <marc:subfield code="a">Landkarte</marc:subfield>
          </marc:datafield>
          <marc:datafield tag="773" ind1="0" ind2=" ">
            <marc:subfield code="t">Sammlung Körber-Einbeck</marc:subfield>
          </marc:datafield>
          <marc:datafield tag="852" ind1=" " ind2=" ">
            <marc:subfield code="a">Institut für Historische Landesforschung der Universität Göttingen</marc:subfield>
          </marc:datafield>
          <marc:datafield tag="" ind1=" " ind2=" ">
            <marc:subfield code="a">Namensnennung-Nicht kommerziell 4.0 International (CC BY-NC 4.0))</marc:subfield>
          </marc:datafield>
        </marc:record>
      </metadata>
    </record>
  </GetRecord>
</OAI-PMH>
